| 000 | 00354nam a2200145Ia 4500 | ||
|---|---|---|---|
| 008 | 150201s2002 xx 000 0 und d | ||
| 082 |
_a603 _bD2002J |
||
| 100 | _aJABLONAKY'S | ||
| 245 | _aJABLONSKIS DICTIONARY OF DENTISTRY | ||
| 250 | _aNEW MILLENNIUM | ||
| 260 |
_bAITBS _aDELHI _c2002 |
||
| 300 | _a1-887 | ||
| 650 | _aDICTIONARIES | ||
| 942 |
_2ddc _cBK |
||
| 999 |
_c2792 _d2792 |
||